Library of the University of Algiers 3
Ibrahim Sultan Cheibout
شعار جامعة الجزائر 3
مكتبة جامعة الجزائر 3
إبراهيم سلطان شيبوط

الاقتصاد النقدي وأسواق رأس المال : (رقم التسجيلة. 41386)

تفاصيل مارك
000 -LEADER
fixed length control field 01514nam a2200241Ia 4500
003 - CONTROL NUMBER IDENTIFIER
control field Ost
005 - DATE AND TIME OF LATEST TRANSACTION
control field 20260416102400.0
008 - FIXED-LENGTH DATA ELEMENTS--GENERAL INFORMATION
fixed length control field 260416s9999||||xx |||||||||||||| ||und||
040 ## - CATALOGING SOURCE
Transcribing agency fsecg
041 ## - LANGUAGE CODE
Language code of text/sound track or separate title ara
082 ## - DEWEY DECIMAL CLASSIFICATION NUMBER
Classification number 332
100 ## - MAIN ENTRY--PERSONAL NAME
Personal name فخاري، فاروق
Relator term مؤلف
245 #0 - TITLE STATEMENT
Title الاقتصاد النقدي وأسواق رأس المال :
Remainder of title مطبوعة مقدمة لطلبة السنة الثانية شعبة العلوم المالية و المحاسبية /
Statement of responsibility, etc. فاروق فخاري
260 ## - PUBLICATION, DISTRIBUTION, ETC.
Place of publication, distribution, etc. الجزائر
Name of publisher, distributor, etc. جامعة الجزائر3: كلية العلوم الإقتصادية، العلوم التجارية وعلوم التسيير
Date of publication, distribution, etc. 2023
300 ## - PHYSICAL DESCRIPTION
Extent 124 ورقة
Other physical details ايضاحات
Dimensions 12 سم
504 ## - BIBLIOGRAPHY, ETC. NOTE
Bibliography, etc. note المراجع ص.120
520 ## - SUMMARY, ETC.
Summary, etc. الاطار النقدي للنقود ، الانظمة النقدية ، الكتلة النقدية و مقابلاتها ، النظريات و السياسات النقدية، الوساطة المالية ، الجهاز المصرفي الجزائري، السوق المالي ، الاسواق النقدية ، سوق راس المال ، سوق رؤوس الاموال النقدية ، الساحات المالية الدولية .
653 ## - INDEX TERM--UNCONTROLLED
Uncontrolled term الاقتصاد المالي
653 ## - INDEX TERM--UNCONTROLLED
Uncontrolled term النقود
653 ## - INDEX TERM--UNCONTROLLED
Uncontrolled term راس المال
710 ## - ADDED ENTRY--CORPORATE NAME
Corporate name or jurisdiction name as entry element جامعة الجزائر3: كلية العلوم الإقتصادية، العلوم التجارية وعلوم التسيير
Relator term ناشر علمي
942 ## - ADDED ENTRY ELEMENTS (KOHA)
Koha item type مطبوعات
المقتنيات
Withdrawn status Lost status Source of classification or shelving scheme Damaged status Not for loan Home library Current library Date acquired Serial enumeration / chronology Inventory number Total checkouts Full call number Barcode Date last seen Price effective from Koha item type
    Dewey Decimal Classification   NOT LOAN / إعارة داخلية مكتبة كلية العلوم الإقتصادية والعلوم التجارية وعلوم التسيير مكتبة كلية العلوم الإقتصادية والعلوم التجارية وعلوم التسيير 16/04/2026 الطابق الثاني مط.692-1   مط.692 ن1 مط.692-1 16/04/2026 16/04/2026 مطبوعات

موارد الويب المفتوحة


© University of Algiers 3 All Rights Reserved
|
Implemented by LECHELAH Riad